Top 20 Countries at the Olympic Games (Boxing) - Statistics

General Stats
  • This quiz has been taken 203 times
  • The average score is 13 of 20
Answer Stats
Hint Boxing Gold Medals % Correct
1 United States 50
98%
3 Great Britain 18
95%
5 Russia 10
91%
10 France 6
88%
12 Germany 4
85%
2 Cuba 37
83%
19 China 3
80%
4 Italy 15
78%
15 Ukraine 4
70%
18 Canada 3
69%
7 Poland 8
61%
20 Ireland 2
58%
17 South Korea 3
53%
8 Argentina 7
49%
9 Kazakhstan 7
48%
11 South Africa 6
45%
14 Thailand 4
44%
6 Hungary 10
40%
13 Bulgaria 4
35%
16 Uzbekistan 4
34%
No matching quizzes found
Score Distribution
Percent of People with Each Score
Percentile by Number Answered
Your Score History
You have not taken this quiz